| 000 | 00340nam a22001457a 4500 | ||
|---|---|---|---|
| 020 | _qPB. | ||
| 040 | _cFIZZA ISHAQ | ||
| 082 |
_a005.133 _bPAUL |
||
| 100 |
_aDEITEL PAUL. _989170 |
||
| 245 |
_a HOW TO C PROGRAM / _cPAUL DEITEL. |
||
| 250 | _a8th ED. | ||
| 260 |
_aNEW DEHLI ; _bPEARSON, _c2019. |
||
| 300 | _a1005 P. ; | ||
| 942 |
_2ddc _cBK |
||
| 999 |
_c587990 _d587990 |
||